00288nam a2200109Ia 4500008004100000041000800041082001600049100001600065245004600081250000900127260004200136230627s9999 xx 000 0 und d aeng a346.02bBAN aBangia R. K aLaw Of Contract I And Specific Relief Act a8ed. aFaridabadbAllahabad Law Agencyc1999